| 000 | 00444nam a22001817a 4500 | ||
|---|---|---|---|
| 005 | 20230704123044.0 | ||
| 008 | 230704b |||||||| |||| 00| 0 eng d | ||
| 020 | _a9781118228333 | ||
| 082 |
_a004.165 _bGOO-S |
||
| 100 | _aGookin;Dan | ||
| 245 | _aSamsung Galaxy Tab 10.1 for DUMMIES | ||
| 260 |
_aCanada _bJohn Wiley&Sons _c2012 |
||
| 300 | _a318 | ||
| 500 | _aInclude index | ||
| 650 | _aComputer | ||
| 700 | _aDan,Gookin | ||
| 999 |
_c18818 _d18818 |
||